LEADER 02090nam 2200553Ia 450 001 9910461926403321 005 20200520144314.0 035 $a(CKB)2670000000245645 035 $a(EBL)3387418 035 $a(SSID)ssj0000720238 035 $a(PQKBManifestationID)12259611 035 $a(PQKBTitleCode)TC0000720238 035 $a(PQKBWorkID)10669078 035 $a(PQKB)10243348 035 $a(MiAaPQ)EBC3387418 035 $a(Au-PeEL)EBL3387418 035 $a(CaPaEBR)ebr10466824 035 $a(OCoLC)923338759 035 $a(EXLCZ)992670000000245645 100 $a20080723d2009 uy 0 101 0 $aeng 135 $aur|n|---||||| 181 $ctxt 182 $cc 183 $acr 200 14$aThe codewriting workbook$b[electronic resource] $ecreating computational architecture in AutoLISP /$fRobert J. Krawczyk ; foreword by William J. Mitchell 210 $aNew York $cPrinceton Architectural Press$dc2009 215 $a1 online resource (416 p.) 300 $aDescription based upon print version of record. 311 $a1-56898-792-7 327 $a""CONTENTS""; ""FOREWORD""; ""1.0 INTRODUCTION""; ""2.0 OPERATIONS AND EXPRESSIONS""; ""3.0 INPUT, OUTPUT, AND DEFINING FUNCTIONS""; ""4.0 DECISIONS AND REPETITION""; ""5.0 GENERATING SIMPLE FORMS""; ""6.0 RANDOM CONSTRUCTIONS""; ""7.0 CONSTRUCTIONS FROM DATA""; ""ACKNOWLEDGMENTS""; ""ADDITIONAL READING"" 606 $aAutoLISP (Computer program language) 606 $aComputer-aided design 606 $aArchitectural design$xData processing 606 $aEngineering design$xData processing 608 $aElectronic books. 615 0$aAutoLISP (Computer program language) 615 0$aComputer-aided design. 615 0$aArchitectural design$xData processing. 615 0$aEngineering design$xData processing. 676 $a620/.00420285 700 $aKrawczyk$b Robert J.$f1949-$0884126 801 0$bMiAaPQ 801 1$bMiAaPQ 801 2$bMiAaPQ 906 $aBOOK 912 $a9910461926403321 996 $aThe codewriting workbook$91974382 997 $aUNINA LEADER 03022nam 22006615 450 001 9911011347203321 005 20250616134429.0 010 $a981-9640-47-4 024 7 $a10.1007/978-981-96-4047-8 035 $a(CKB)39331813000041 035 $a(MiAaPQ)EBC32157275 035 $a(Au-PeEL)EBL32157275 035 $a(OCoLC)1524421056 035 $a(DE-He213)978-981-96-4047-8 035 $a(EXLCZ)9939331813000041 100 $a20250616d2025 u| 0 101 0 $aeng 135 $aur||||||||||| 181 $ctxt$2rdacontent 182 $cc$2rdamedia 183 $acr$2rdacarrier 200 10$aAdvances in Disaster Management, Volume 2 $eProceedings of HSFEAS 2023 /$fedited by Nihal Anwar Siddiqui, Mohammad Moizuddin, Anil Kumar Gupta, Akbar Ziauddin, Prasenjit Mondal 205 $a1st ed. 2025. 210 1$aSingapore :$cSpringer Nature Singapore :$cImprint: Springer,$d2025. 215 $a1 online resource (468 pages) 225 1 $aSpringer Transactions in Civil and Environmental Engineering,$x2363-7641 311 08$a981-9640-46-6 330 $aThis book presents cutting-edge research and forward-looking strategies from the International Conference on Advances in Health, Safety, Fire, Environment, Allied Sciences and Sustainability (HSFEAS ? 2023). This volume captures the collective expertise of global thought leaders and practitioners addressing the complex challenges of disaster risk reduction and resilience building in today's uncertain world. Covering diverse topics including disaster preparedness, response systems, climate-induced risks, and community resilience, this compilation provides actionable insights and scientific advancements that are vital for policymakers, emergency professionals, urban planners, and academic researchers alike. 410 0$aSpringer Transactions in Civil and Environmental Engineering,$x2363-7641 606 $aChemicals$xSafety measures 606 $aFire prevention 606 $aBuildings$xProtection 606 $aIndustrial engineering 606 $aProduction engineering 606 $aChemical Safety 606 $aFire Science, Hazard Control, Building Safety 606 $aIndustrial and Production Engineering 615 0$aChemicals$xSafety measures. 615 0$aFire prevention. 615 0$aBuildings$xProtection. 615 0$aIndustrial engineering. 615 0$aProduction engineering. 615 14$aChemical Safety. 615 24$aFire Science, Hazard Control, Building Safety. 615 24$aIndustrial and Production Engineering. 676 $a660.2804 700 $aSiddiqui$b N. A$g(Nihal Anwar)$01889027 701 $aMoizuddin$b Mohammad$01829155 701 $aGupta$b Anil Kumar$01435948 701 $aZiauddin$b Akbar$01829156 701 $aMondal$b Prasenjit$01829157 801 0$bMiAaPQ 801 1$bMiAaPQ 801 2$bMiAaPQ 906 $aBOOK 912 $a9911011347203321 996 $aAdvances in Disaster Management, Volume 2$94529055 997 $aUNINA